Rozsypanka literowa - imiona męskie - Statystyki

Ogólne statystyki
  • Ten quiz został rozwiązany 86 razy
  • Średni wynik to 15 z 20
Statystyki odpowiedzi
Imię % Poprawnych
Piotr
97%
Rafał
95%
Adam
93%
Paweł
92%
Robert
89%
Mateusz
88%
Damian
84%
Cezary
82%
Szymon
82%
Stanisław
78%
Tadeusz
77%
Bartosz
74%
Maurycy
74%
Antoni
70%
Franciszek
68%
Eugeniusz
67%
Andrzej
66%
Aleksander
64%
Gabriel
62%
Ireneusz
48%
Nie znaleziono quizów pasujących do podanych kryteriów
Rozkład punktacji
Procent ludzi z każdym wynikiem
Percentyl według liczby udzielonych odpowiedzi
Twoja historia wyników
Nie rozwiązałeś tego quizu